[Event "St Petersburg Autumn op"]
[Site "St Petersburg"]
[Date "2006.11.06"]
[Round "7"]
[White "Bryndin, Vladimir"]
[Black "Utkin, Aleksey"]
[Result "1-0"]
[WhiteElo "2229"]
[BlackElo "2374"]
[PlyCount "117"]
[EventDate "2006.10.31"]
[EventType "swiss"]
[EventRounds "9"]
[EventCountry "RUS"]
[SourceTitle "EXT 2007"]
[Source "ChessBase"]
[SourceDate "2006.11.23"]
[SourceVersion "1"]
[SourceVersionDate "2006.11.23"]
[SourceQuality "1"]

1. g3 g6 2. Bg2 Bg7 3. e4 d6 4. d4 Nf6 5. Ne2 0-0 6. 0-0 e5 7. Nbc3 c6 8. a4 Na6 9. h3 Nb4 10. Be3 a5 11. f4 exd4 12. Nxd4 Re8 13. Bf2 Qc7 14. Re1 Nd7 15. Qd2 Nf8 16. Rad1 Rd8 17. g4 Ne6 18. Nde2 Bf6 19. g5 Be7 20. Ng3 d5 21. e5 Ng7 22. Nce2 Be6 23. c3 Na6 24. Nd4 Qd7 25. Kh2 Nc7 26. Qc1 Qe8 27. f5 gxf5 28. Qf4 Kh8 29. b3 Bd7 30. e6 Ncxe6 31. Nxe6 Bxe6 32. Bd4 Bd6 33. Qh4 Qe7 34. Kh1 Bxg3 35. Qxg3 Kg8 36. h4 Qd6 37. Be5 Qf8 38. Bf3 d4 39. c4 Qb4 40. h5 Qc3 41. g6 hxg6 42. hxg6 Rd7 43. Bxg7 f4 44. Qxf4 Kxg7 45. Rxe6 fxe6 46. Qe5+ Kf8 47. Rf1 Ke7 48. Bg4 Qe3 49. Rf7+ Kd8 50. Rf8+ Ke7 51. Qc5+ Rd6 52. Rf7+ Ke8 53. Qxd6 Qe1+ 54. Kg2 Qe4+ 55. Kg3 Qe1+ 56. Rf2 Qg1+ 57. Rg2 Qe3+ 58. Kh2 e5 59. Qe6+ 1-0

[Event "St Petersburg Autumn op"]
[Site "St Petersburg"]
[Date "2006.11.05"]
[Round "6"]
[White "Kuzevanova, Evgenia"]
[Black "Bryndin, Vladimir"]
[Result "0-1"]
[WhiteElo "2191"]
[BlackElo "2229"]
[PlyCount "70"]
[EventDate "2006.10.31"]
[EventType "swiss"]
[EventRounds "9"]
[EventCountry "RUS"]
[SourceTitle "EXT 2007"]
[Source "ChessBase"]
[SourceDate "2006.11.23"]
[SourceVersion "1"]
[SourceVersionDate "2006.11.23"]
[SourceQuality "1"]

1. e4 e5 2. Nf3 Nc6 3. Bc4 g6 4. d3 Bg7 5. Nc3 Nge7 6. a3 d6 7. Bg5 h6 8. Bh4 Be6 9. Nd5 g5 10. Bg3 f5 11. Nxe7 Qxe7 12. Bxe6 Qxe6 13. exf5 Qxf5 14. Qe2 0-0-0 15. 0-0-0 h5 16. h3 Bf6 17. Kb1 h4 18. Bh2 g4 19. hxg4 Qxg4 20. Qe4 Qxe4 21. dxe4 Rdg8 22. Rhg1 Rg4 23. Nd2 Nd4 24. f3 Rg7 25. Rge1 Rhg8 26. c3 Ne6 27. Re2 Bg5 28. Nf1 Bf4 29. Rc2 Bxh2 30. Nxh2 Rg3 31. Ng4 h3 32. Ne3 Nf4 33. Nf5 Rxg2 34. Rh1 Kd7 35. Kc1 Rg1+ 0-1

[Event "St Petersburg Autumn op"]
[Site "St Petersburg"]
[Date "2006.11.02"]
[Round "3"]
[White "Bryndin, Vladimir"]
[Black "Kobzar, Alexandr"]
[Result "1-0"]
[WhiteElo "2229"]
[BlackElo "2092"]
[PlyCount "103"]
[EventDate "2006.10.31"]
[EventType "swiss"]
[EventRounds "9"]
[EventCountry "RUS"]
[SourceTitle "EXT 2007"]
[Source "ChessBase"]
[SourceDate "2006.11.23"]
[SourceVersion "1"]
[SourceVersionDate "2006.11.23"]
[SourceQuality "1"]

1. Nf3 b6 2. g3 Bb7 3. Bg2 f5 4. 0-0 Nf6 5. d3 e6 6. Bg5 h6 7. Bxf6 Qxf6 8. Nc3 Be7 9. e4 g5 10. exf5 exf5 11. Re1 0-0 12. Ne5 Bxg2 13. Kxg2 Bd6 14. Nd5 Qg7 15. Nc4 Nc6 16. Nxd6 cxd6 17. c3 f4 18. Qh5 Rf5 19. Re8+ Rxe8 20. Qxe8+ Rf8 21. Qe4 Qf7 22. gxf4 gxf4 23. d4 Qf5 24. Qf3 Rf7 25. Re1 Kf8 26. Re4 Qg5+ 27. Kf1 Nd8 28. Rxf4 Qg6 29. Rxf7+ Nxf7 30. Nf4 Qf5 31. h4 Kg8 32. Kg2 Kh7 33. Kg3 Nd8 34. Qg4 Qf7 35. d5 Nb7 36. b4 Nd8 37. h5 Qg7 38. Qg6+ Kg8 39. Qxg7+ Kxg7 40. Ng6 Kf6 41. Kg4 Nf7 42. f4 Nd8 43. Nh4 Nf7 44. Nf5 b5 45. Nd4 a6 46. Nf5 Nd8 47. Nxh6 Kg7 48. Kg5 Kh7 49. Nf5 Nf7+ 50. Kf6 Kg8 51. Ke7 Nh8 52. Nxd6 1-0

[Event "St Petersburg White Nights op"]
[Site "St Petersburg"]
[Date "2005.06.19"]
[Round "2"]
[White "Bryndin, Vladimir"]
[Black "Anisimov, Pavel"]
[Result "0-1"]
[WhiteElo "2242"]
[BlackElo "2476"]
[PlyCount "62"]
[EventDate "2005.06.18"]
[EventType "swiss"]
[EventRounds "9"]
[EventCountry "RUS"]
[SourceTitle "CBM 106 Extra"]
[Source "ChessBase"]
[SourceDate "2005.07.01"]
[SourceVersion "1"]
[SourceVersionDate "2005.07.01"]
[SourceQuality "1"]

1. g3 e5 2. Bg2 Nc6 3. d3 g6 4. Nc3 Bg7 5. e4 d6 6. Be3 f5 7. exf5 Bxf5 8. h3 Nf6 9. Nge2 Qd7 10. g4 Be6 11. Ng3 h5 12. g5 Ng8 13. Nd5 Nce7 14. c4 c6 15. Nc3 h4 16. Nge4 Nf5 17. Qa4 Nge7 18. Nf6+ Bxf6 19. gxf6 Nxe3 20. fxe3 Nf5 21. Kd2 Ng3 22. Rh2 Rf8 23. c5 g5 24. cxd6 Rxf6 25. Ne4 Nxe4+ 26. Bxe4 0-0-0 27. Rc1 Qxd6 28. Qxa7 Bf5 29. Qa8+ Kc7 30. Qa5+ Kb8 31. Bxf5 Rxf5 0-1